Использование высокотемпературных композитных проводов для увеличения надежности и пропускной способности линий электропередач; Бутаковские чтения

書誌詳細
Parent link:Бутаковские чтения.— 2025.— С. 168-170
第一著者: Семенков Н. С.
その他の著者: Рубан Н. Ю. Николай Юрьевич (научный руководитель)
要約:Текстовый файл
言語:ロシア語
出版事項: 2025
主題:
オンライン・アクセス:conference_tpu-2025-C133_p168-170.pdf
フォーマット: 電子媒体 図書の章
KOHA link:https://koha.lib.tpu.ru/cgi-bin/koha/opac-detail.pl?biblionumber=685916

MARC

LEADER 00000naa2a2200000 4500
001 685916
005 20260402103002.0
090 |a 685916 
100 |a 20260402d2025 k||y0rusy50 ca 
101 0 |a rus 
102 |a RU 
135 |a drcn ---uucaa 
200 1 |a Использование высокотемпературных композитных проводов для увеличения надежности и пропускной способности линий электропередач  |f Н. С. Семенков  |g науч. рук. Н. Ю. Рубан 
283 |2 RDAcarrier 
320 |a Список литературы: 2 назв 
336 |a Текстовый файл 
463 1 |0 685753  |9 685753  |t Бутаковские чтения  |o сборник статей V Всероссийской с международным участием молодёжной конференции, 9-11 декабря 2025 г., Томск  |n Изд-во ТПУ  |c Томск  |d 2025  |u conference_tpu-2025-C133.pdf  |v С. 168-170 
545 1 |a Цифровизация в электроэнергетике и интеллектуальные энергосистемы 
610 1 |a труды учёных ТПУ 
610 1 |a электронный ресурс 
610 1 |a высокотемпературные провода  
610 1 |a надежность 
700 1 |a Семенков  |b Н. С. 
702 1 |a Рубан  |b Н. Ю.  |c специалист в области электроэнергетики  |c доцент Томского политехнического университета, кандидат наук  |f 1988-  |g Николай Юрьевич  |4 727 
801 0 |a RU  |b 63413507  |c 20260402 
850 |a 63413507 
856 4 0 |u conference_tpu-2025-C133_p168-170.pdf  |z conference_tpu-2025-C133_p168-170.pdf 
942 |c CF